| 000 | 01412cas a22003377a 4500 | ||
|---|---|---|---|
| 005 | 20220329142109.0 | ||
| 008 | 990622d19651968mx qr pernn 0 uub1spa d | ||
| 010 | _a78393 | ||
| 011 | _a79365 | ||
| 022 | 1 | _a0187-5191 | |
| 035 | _a89587 | ||
| 245 | 0 | 0 |
_aBoletín del Comité Directivo Agrícola de los Distritos de Riego Nos. 35,36 y 65 Río La Antigua, La Boticaria y Río Actopan _c/por Secretaría de Agricultura y Recursos Hidáulicos |
| 260 | 0 |
_aVilla José Cardel, Ver. : _bSecretaría de Agricultura y Recursos Hidráulicos, _c1965-1968. |
|
| 300 | _av. | ||
| 310 | _aTrimestral | ||
| 362 | 1 | _av.4 n.2,1968. | |
| 590 |
_aBATCH-UPD _b10 _c20130110 _lUCH01 _h0510 |
||
| 590 |
_aBATCH-UPD _b10 _c20130110 _lUCH01 _h2339 |
||
| 590 |
_aBATCH-UPD _b10 _c20130410 _lUCH01 _h0148 |
||
| 590 |
_aBATCH-UPD _b10 _c20130410 _lUCH01 _h1628 |
||
| 590 |
_aBATCH-UPD _b10 _c20130914 _lUCH01 _h1209 |
||
| 590 |
_aCONVERSION _b10 _c20130109 _lUCH01 _h1343 |
||
| 650 | 1 | 4 |
_aDistrito de Riego La Boticaria, Ver. _xPublicaciones periódicas. _932898 |
| 650 | 1 | 4 |
_aDistrito de Riego Río Actopan, Ver. _xPublicaciones periódicas. _932914 |
| 650 | 1 | 4 |
_aDistrito de Riego Río La Antigua, Ver. _xPublicaciones periódicas. _932923 |
| 650 | 1 | 4 |
_aIrrigación _xPublicaciones periódicas. _960475 |
| 866 | _av.1 n.1-6 (1965) | ||
| 866 | _av.2 n.1-v.4 n.2 (1966-1968) | ||
| 901 | _aSE | ||
| 905 | _aMa. del Socorro Iturbe C. | ||
| 999 |
_c78393 _d78393 |
||